• 首页
  • 本馆介绍
  • 公告通知
  • 最新文献
  • 馆藏检索
  • 电子资源
  • 读者导购
  • 参考咨询
  • 我的图书馆
  • 登录
  • 详细信息显示
  • 放入我的书架
  • 预约/预借图书
  • 作者相关作品
  • 分类相关作品
  • 丛书相关作品
  • 出版社相关作品

书目信息

  • 表格格式
  • 工作单格式
  • 卡片格式
题名:
中国经济开发区投资环境综合评价
    
 
作者: 余华银 , 张焕明 著
分册:  
出版信息: 北京   科学出版社  2010
页数: 258页
开本: 24cm
丛书名:
单 册:
中图分类: F127.9
科图分类:
主题词: 经济开发区--投资环境--经济评价--中国 , 经济开发区 , 投资环境 , 经济评价
电子资源:
ISBN: 978-7-03-026500-5
000 01010nam0 22002771 450
001 524
005 20140908162742.43
010    @a978-7-03-026500-5@dCNY49.00
100    @a20100604d2010 em y0chiy50 ea
101 0  @achi
102    @aCN@b110000
105    @ay z 000yy
106    @ar
200 1  @a中国经济开发区投资环境综合评价@AZhong Guo Jing Ji Kai Fa Qu Tou Zi Huan Jing Zong He Ping Jia@f余华银,张焕明著@FYu Hua Yin, Zhang Huan Ming Zhu
210    @a北京@c科学出版社@d2010
215    @a258页@d24cm
330    @a本书系统论述了经济开发区投资环境和所在省域、城市竞争力的关系,以及经济开发区投资环境与其内在竞争力的关系,从理论上解释了经济开发区投资环境由上述三层竞争力构成。
606 0  @a经济开发区@x投资环境@x经济评价@y中国
606 0  @a经济开发区
606 0  @a投资环境
606 0  @a经济评价
690    @aF127.9@v5
701  0 @a余华银@AYu Hua Yin@f(1962~)@4著
701  0 @a张焕明@AZhang Huan Ming@f(1973.9~)@4著
801  0 @aCN@bTANGWEI@c20140603
905    @b0837237-39@dF127.9@e241@f3
    
    中国经济开发区投资环境综合评价/余华银,张焕明著.-北京:科学出版社,2010
    258页;24cm
    
    
    ISBN 978-7-03-026500-5:CNY49.00
    本书系统论述了经济开发区投资环境和所在省域、城市竞争力的关系,以及经济开发区投资环境与其内在竞争力的关系,从理论上解释了经济开发区投资环境由上述三层竞争力构成。
●
相关链接 在E读中查询图书 在五车中查询图书 在当当中查询图书 在豆瓣中查询图书


正题名:中国经济开发区投资环境综合评价     索取号:F127.9/241         预约/预借

序号 登录号 条形码 馆藏地/架位号 状态 备注
1 0837237   208372376   第一样本阅览室/ [索取号:F127.9/241] 在馆    
2 0837238   208372385   第一借阅区/ [索取号:F127.9/241] 在馆    
3 0837239   208372394   密集书库-海洋学院/ [索取号:F127.9/241] 在馆    
唐山师范学院图书馆 欢迎您!
大连网信软件有限公司© 版权所有